Presidential Deaths Quiz Stats

 Plays Quiz Updated Dec 1, 2018

     
Support Sporcle.
Go Orange.
Score 0/39 Timer 05:00
0 Plays Today
Year President % Correct
December 14, 1799George Washington
98.3%
July 4, 1826: 12:30 p.m.Thomas Jefferson
94.3%
July 4, 1826: 6:20 p.m.John Adams
93.9%
July 4, 1831James Monroe
84.7%
June 28, 1836James Madison
82.6%
April 15, 1865Abraham Lincoln
81.7%
November 22, 1963John F. Kennedy
75.9%
April 12, 1945Franklin D. Roosevelt
73%
April 4, 1841William H. Harrison
72.8%
November 30, 2018George H. W. Bush
72.6%
June 8, 1845Andrew Jackson
72.1%
June 5, 2004Ronald Reagan
71.8%
December 26, 2006Gerald Ford
70.5%
April 22, 1994Richard Nixon
70.1%
February 23, 1848John Quincy Adams
69%
March 28, 1969Dwight D. Eisenhower
66.5%
January 22, 1973Lyndon B. Johnson
65.9%
December 26, 1972Harry S. Truman
65.5%
September 14, 1901William McKinley
64.9%
June 15, 1849James K. Polk
63.9%
Year President % Correct
July 9, 1850Zachary Taylor
63.9%
January 6, 1919Theodore Roosevelt
63.9%
October 20, 1964Herbert Hoover
63.4%
January 18, 1862John Tyler
61.3%
July 23, 1885Ulysses S. Grant
61.2%
September 19, 1881James A. Garfield
61%
February 3, 1924Woodrow Wilson
60.3%
July 24, 1862Martin Van Buren
59.2%
January 5, 1933Calvin Coolidge
59.1%
August 2, 1923Warren G. Harding
58.2%
June 1, 1868James Buchanan
58.2%
March 8, 1930William Howard Taft
58.1%
October 8, 1869Franklin Pierce
55.8%
July 31, 1875Andrew Johnson
55.7%
June 24, 1908Grover Cleveland
54.3%
March 8, 1874Millard Fillmore
52%
November 18, 1886Chester A. Arthur
51.1%
March 13, 1901Benjamin Harrison
50.9%
January 17, 1893Rutherford B. Hayes
50.4%

From the Vault

World's Longest Borders

by Booger

Geography 10m
If only border fences made good neighbors.
Remove Ads.
Support Sporcle.
Get the best of Sporcle when you Go Orange. This ad-free experience offers more features, more stats, and more fun while also helping to support Sporcle. Thank you for becoming a member.

Show Comments

Extras

Top Quizzes Today


Score Distribution

Your Account Isn't Verified!

In order to create a playlist on Sporcle, you need to verify the email address you used during registration. Go to your Sporcle Settings to finish the process.

Report this User

Report this user for behavior that violates our Community Guidelines.

Details: